<?xml version="1.0" encoding="UTF-8"?>
<record
    xmlns:xsi="http://www.w3.org/2001/XMLSchema-instance"
    xsi:schemaLocation="http://www.loc.gov/MARC21/slim http://www.loc.gov/standards/marcxml/schema/MARC21slim.xsd"
    xmlns="http://www.loc.gov/MARC21/slim">

  <leader>01397nam a22002657a 4500</leader>
  <controlfield tag="003">NALT</controlfield>
  <controlfield tag="005">20231025143619.0</controlfield>
  <controlfield tag="008">      s2556    th                  tha d</controlfield>
  <datafield tag="020" ind1=" " ind2=" ">
    <subfield code="a">9786162792946</subfield>
  </datafield>
  <datafield tag="040" ind1=" " ind2=" ">
    <subfield code="a">&#xE4C;NALT</subfield>
  </datafield>
  <datafield tag="041" ind1=" " ind2=" ">
    <subfield code="a">tha</subfield>
  </datafield>
  <datafield tag="050" ind1=" " ind2=" ">
    <subfield code="a">R 724 </subfield>
    <subfield code="b">&#xE27;689&#xE08; 2556</subfield>
  </datafield>
  <datafield tag="100" ind1="0" ind2=" ">
    <subfield code="a">&#xE27;&#xE34;&#xE23;&#xE31;&#xE0A; &#xE17;&#xE38;&#xE48;&#xE07;&#xE27;&#xE0A;&#xE34;&#xE23;&#xE01;&#xE38;&#xE25;</subfield>
    <subfield code="9">18957</subfield>
  </datafield>
  <datafield tag="245" ind1="1" ind2="0">
    <subfield code="a">&#xE08;&#xE23;&#xE34;&#xE22;&#xE18;&#xE23;&#xE23;&#xE21;&#xE43;&#xE19;&#xE27;&#xE34;&#xE0A;&#xE32;&#xE0A;&#xE35;&#xE1E;&#xE41;&#xE1E;&#xE17;&#xE22;&#xE4C;  /</subfield>
    <subfield code="c">&#xE27;&#xE34;&#xE23;&#xE31;&#xE0A; &#xE17;&#xE38;&#xE48;&#xE07;&#xE27;&#xE0A;&#xE34;&#xE23;&#xE01;&#xE38;&#xE25;, &#xE41;&#xE2A;&#xE07;&#xE40;&#xE17;&#xE35;&#xE22;&#xE19; &#xE2D;&#xE22;&#xE39;&#xE48;&#xE40;&#xE16;&#xE32;, &#xE21;&#xE32;&#xE19;&#xE31;&#xE2A; &#xE42;&#xE1E;&#xE18;&#xE32;&#xE20;&#xE23;&#xE13;&#xE4C;.</subfield>
  </datafield>
  <datafield tag="246" ind1="3" ind2="0">
    <subfield code="a">&#xE23;&#xE32;&#xE22;&#xE07;&#xE32;&#xE19;&#xE01;&#xE32;&#xE23;&#xE27;&#xE34;&#xE08;&#xE31;&#xE22;&#xE0A;&#xE38;&#xE14;&#xE42;&#xE04;&#xE23;&#xE07;&#xE01;&#xE32;&#xE23;&#xE27;&#xE34;&#xE08;&#xE31;&#xE22; &#xE08;&#xE23;&#xE34;&#xE22;&#xE18;&#xE23;&#xE23;&#xE21;&#xE43;&#xE19;&#xE27;&#xE34;&#xE0A;&#xE32;&#xE0A;&#xE35;&#xE1E;.</subfield>
  </datafield>
  <datafield tag="260" ind1=" " ind2=" ">
    <subfield code="a">&#xE19;&#xE04;&#xE23;&#xE1B;&#xE10;&#xE21; : </subfield>
    <subfield code="b">&#xE04;&#xE13;&#xE30;&#xE2A;&#xE31;&#xE07;&#xE04;&#xE21;&#xE28;&#xE32;&#xE2A;&#xE15;&#xE23;&#xE4C;&#xE41;&#xE25;&#xE30;&#xE21;&#xE19;&#xE38;&#xE29;&#xE22;&#xE28;&#xE32;&#xE2A;&#xE15;&#xE23;&#xE4C; &#xE21;&#xE2B;&#xE32;&#xE27;&#xE34;&#xE17;&#xE22;&#xE32;&#xE25;&#xE31;&#xE22;&#xE21;&#xE2B;&#xE34;&#xE14;&#xE25;, </subfield>
    <subfield code="c">2556.</subfield>
  </datafield>
  <datafield tag="300" ind1=" " ind2=" ">
    <subfield code="a">412 &#xE2B;&#xE19;&#xE49;&#xE32; :</subfield>
    <subfield code="b">&#xE15;&#xE32;&#xE23;&#xE32;&#xE07; ;</subfield>
    <subfield code="c">29 &#xE0B;&#xE21;.</subfield>
  </datafield>
  <datafield tag="650" ind1=" " ind2="4">
    <subfield code="a">&#xE41;&#xE1E;&#xE17;&#xE22;&#xE4C; </subfield>
    <subfield code="9">18963</subfield>
  </datafield>
  <datafield tag="650" ind1=" " ind2="0">
    <subfield code="a">&#xE08;&#xE23;&#xE23;&#xE22;&#xE32;&#xE41;&#xE1E;&#xE17;&#xE22;&#xE4C; </subfield>
    <subfield code="9">18962</subfield>
  </datafield>
  <datafield tag="700" ind1="0" ind2=" ">
    <subfield code="9">18958</subfield>
    <subfield code="a">&#xE41;&#xE2A;&#xE07;&#xE40;&#xE17;&#xE35;&#xE22;&#xE19; &#xE2D;&#xE22;&#xE39;&#xE48;&#xE40;&#xE16;&#xE32;</subfield>
  </datafield>
  <datafield tag="700" ind1="0" ind2=" ">
    <subfield code="9">18960</subfield>
    <subfield code="a">&#xE21;&#xE32;&#xE19;&#xE31;&#xE2A; &#xE42;&#xE1E;&#xE18;&#xE32;&#xE20;&#xE23;&#xE13;&#xE4C;</subfield>
  </datafield>
  <datafield tag="850" ind1=" " ind2=" ">
    <subfield code="a">NALT</subfield>
  </datafield>
  <datafield tag="942" ind1=" " ind2=" ">
    <subfield code="c">RSH</subfield>
    <subfield code="2">lcc</subfield>
  </datafield>
  <datafield tag="998" ind1=" " ind2=" ">
    <subfield code="b">&#xE0A;&#xE27;&#xE19;&#xE1E;&#xE34;&#xE0A;&#xE0D;&#xE4C; &#xE23;&#xE31;&#xE15;&#xE19;&#xE44;&#xE1E;&#xE1A;&#xE39;&#xE25;&#xE22;&#xE4C;</subfield>
    <subfield code="b">potjapin</subfield>
    <subfield code="b">phon</subfield>
    <subfield code="j">104</subfield>
    <subfield code="k"> &#xE19;&#xE32;&#xE07;&#xE2A;&#xE32;&#xE27;&#xE2A;&#xE32;&#xE22;&#xE1D;&#xE19;  &#xE14;&#xE35;&#xE07;&#xE32;&#xE21;</subfield>
  </datafield>
  <datafield tag="999" ind1=" " ind2=" ">
    <subfield code="c">70948</subfield>
    <subfield code="d">70948</subfield>
  </datafield>
  <datafield tag="952" ind1=" " ind2=" ">
    <subfield code="0">0</subfield>
    <subfield code="1">0</subfield>
    <subfield code="2">lcc</subfield>
    <subfield code="4">0</subfield>
    <subfield code="7">0</subfield>
    <subfield code="8">CRSH</subfield>
    <subfield code="a">NALT</subfield>
    <subfield code="b">NALT</subfield>
    <subfield code="c">RSH</subfield>
    <subfield code="d">2022-11-03</subfield>
    <subfield code="e">&#xE1A;&#xE23;&#xE34;&#xE08;&#xE32;&#xE04;</subfield>
    <subfield code="o">&#xE27; R 724 &#xE27;689&#xE08; 2556</subfield>
    <subfield code="p">3961197062</subfield>
    <subfield code="r">2017-06-09 00:00:00</subfield>
    <subfield code="w">2017-06-09</subfield>
    <subfield code="y">RSH</subfield>
  </datafield>
  <datafield tag="952" ind1=" " ind2=" ">
    <subfield code="0">0</subfield>
    <subfield code="1">0</subfield>
    <subfield code="2">lcc</subfield>
    <subfield code="4">0</subfield>
    <subfield code="7">0</subfield>
    <subfield code="8">CSEN</subfield>
    <subfield code="a">NALT</subfield>
    <subfield code="b">NALT</subfield>
    <subfield code="c">RSH</subfield>
    <subfield code="d">2022-06-29</subfield>
    <subfield code="o">&#xE27; R 724 &#xE27;689&#xE08; 2556</subfield>
    <subfield code="p">0100007752001</subfield>
    <subfield code="r">2023-02-16 00:00:00</subfield>
    <subfield code="w">2022-06-29</subfield>
    <subfield code="y">RSH</subfield>
  </datafield>
</record>
